Kinetik und Mechanismus der alfa-gama Phasenumwandlung von Eisen bei hohen Aufheizgeschwindigkeiten

Bibliographic Details
Main Author: Reinhard, W. (Author)
Format: Article
Language:German
PhysicalDescription:Grafy 6., lit. 4 zázn. v ruš., angl., nem.
Subjects:

MARC

LEADER 00000nab a2200000 a 4500
001 vtls000231410
003 SK-MaSNL
005 20260319074756.0
008 150501c1984 xo 0 ger
015 |a SNBRA19rr/mm-uuuuu 
035 |a CL0241524 
040 |a SNKBUCL  |b slo  |c SNKBUCL  |e AACR2 
041 0 |a ger 
044 |a xo  |c SK 
080 |a 621.78.014:669.112.22  |2 1981 
080 |a 669.112.22  |2 1981 
100 1 |a Reinhard, W.  |4 aut  |9 939350 
245 1 0 |a Kinetik und Mechanismus der alfa-gama Phasenumwandlung von Eisen bei hohen Aufheizgeschwindigkeiten  |c W. Reinhard 
300 |b Grafy 6., lit. 4 zázn. v ruš., angl., nem. 
650 0 7 |a ocele  |2 snkbucl  |9 354439 
650 0 7 |a tepelné spracovanie  |2 snkbucl  |9 16617 
655 7 |a články zo zborníkov  |2 snkbucl  |9 166140 
773 0 |t Desiate celoštátne dni tepelného spracovania. 1. diel  |d Bratislava : Dom techniky ČSVTS, 1984  |g S. 3-10 
850 |a Slovenská národná knižnica v Martine  |a MTA001 
852 |a SNK  |b KIS3GCP 
958 |a RK 
958 |a DE 
992 |a RZB 
999 |c 1493549  |d 1495479